Statistics for Saturday Stumper #8

Click here to take the quiz!

General Stats

  • This quiz has been taken 436 times
  • The average score is 17 of 24

Answer Stats

Hint Answer % Correct
glishEnglish
95%
xirElixir
90%
pardyJeopardy
90%
rinetClarinet
90%
noeCanoe
88%
tuceLettuce
87%
lbBulb
86%
ongeSponge
86%
ukeFluke
85%
cortEscort
80%
embleTremble
78%
urishFlourish
73%
ismanTalisman
72%
suryTreasury
71%
rokeStroke
65%
ryoEmbryo
65%
ultyFaculty
64%
nixPhoenix
62%
nuteMinute
60%
oyleGargoyle
59%
lptSculpt
50%
ulentOpulent
49%
reroSombrero
49%
intonBadminton
48%

Score Distribution

Percentile by Number Answered

Percent of People with Each Score

Your Score History

You have not taken this quiz